[Event "2FoglarVeterans_GM_A"]
[Site "?"]
[Date "2006.??.??"]
[Round "?"]
[White "Ward, Richard (ENG)"]
[Black "Schakel, Corky (USA)"]
[Result "1/2-1/2"]
[WhiteElo "2428"]
[BlackElo "2415"]
[PlyCount "77"]
[EventDate "2006.??.??"]
[EventType "corr"]

1. e4 e6 2. d4 d5 3. Nc3 Nf6 4. e5 Nfd7 5. f4 c5 6. Nf3 Nc6 7. Be3 cxd4 8. Nxd4
Bc5 9. Qd2 O-O 10. O-O-O a6 11. Qf2 Bxd4 12. Bxd4 b5 13. Be3 Bb7 14. Bd3 Rc8
15. Kb1 Nb4 16. Bd4 Nxd3 17. Rxd3 b4 18. Na4 Qa5 19. Nb6 Nxb6 20. Bxb6 Qb5 21.
Bd4 Rc4 22. Rc1 Rfc8 23. Rh3 R4c6 24. Rg3 g6 25. Rh3 h5 26. g4 hxg4 27. Re3 Qc4
28. Rg3 a5 29. f5 exf5 30. h3 Ba6 31. hxg4 Qe2 32. Qxe2 Bxe2 33. gxf5 Kf8 34.
f6 Ke8 35. c3 Kd7 36. Rc2 Ba6 37. Rh2 Ke6 38. Kc2 a4 39. b3 1/2-1/2

[Event "2FoglarVeterans_GM_A"]
[Site "?"]
[Date "2006.??.??"]
[Round "?"]
[White "Marusiak, Lech (POL)"]
[Black "Brousek, Jiri"]
[Result "1/2-1/2"]
[WhiteElo "2460"]
[BlackElo "2353"]
[PlyCount "70"]
[EventDate "2006.??.??"]
[EventType "corr"]

1. d4 e6 2. c4 f5 3. g3 Nf6 4. Bg2 c6 5. Nf3 d5 6. O-O Bd6 7. b3 Qe7 8. Bb2 O-O
9. Ne5 b6 10. cxd5 exd5 11. Qc2 Ne4 12. Nd2 Bxe5 13. dxe5 c5 14. g4 Nc6 15.
gxf5 Bxf5 16. Nxe4 Kh8 17. Rad1 Rad8 18. f4 Qh4 19. Qc3 dxe4 20. Qg3 Qh6 21.
Qg5 Qe6 22. Rd6 Rxd6 23. exd6 Rf7 24. Rd1 Rd7 25. Rd2 a5 26. Bc3 h6 27. Qg3 b5
28. Bb2 a4 29. bxa4 bxa4 30. a3 Kh7 31. Bc3 Nd4 32. Bxd4 cxd4 33. Rxd4 Rxd6 34.
Qe3 Rxd4 35. Qxd4 Qc6 1/2-1/2

[Event "2FoglarVeterans_GM_A"]
[Site "?"]
[Date "2006.??.??"]
[Round "?"]
[White "Brousek, Jiri"]
[Black "Schakel, Corky (USA)"]
[Result "1/2-1/2"]
[WhiteElo "2353"]
[BlackElo "2392"]
[PlyCount "58"]
[EventDate "2006.??.??"]
[EventType "corr"]

1. d4 f5 2. g3 Nf6 3. Bg2 g6 4. Nh3 Bg7 5. Nf4 d6 6. d5 c6 7. Nc3 cxd5 8. Nfxd5
Nxd5 9. Qxd5 Nc6 10. Bf4 Bxc3+ 11. bxc3 Qa5 12. Qd3 e5 13. Bd2 Kf7 14. O-O Qc7
15. Bh6 Be6 16. e4 Ne7 17. Rfd1 Rad8 18. exf5 gxf5 19. Qd2 b6 20. Bf3 Rhg8 21.
Re1 Ng6 22. Bg5 Rc8 23. Bh5 Qc5 24. Rad1 Rc6 25. Bh4 f4 26. Bg5 h6 27. Bxh6 Kf6
28. Qe2 Qxc3 29. Bxg6 Rxg6 1/2-1/2

[Event "2FoglarVeterans_GM_A"]
[Site "?"]
[Date "2006.??.??"]
[Round "?"]
[White "Schakel, Corky (USA)"]
[Black "Helbich, Jan (SVK)"]
[Result "1/2-1/2"]
[WhiteElo "2392"]
[BlackElo "2452"]
[PlyCount "31"]
[EventDate "2006.??.??"]
[EventType "corr"]

1. e4 c5 2. Nf3 d6 3. Bb5+ Bd7 4. Bxd7+ Qxd7 5. O-O Nf6 6. e5 dxe5 7. Nxe5 Qd6
8. f4 Nc6 9. Qf3 Rc8 10. Qb3 Nxe5 11. fxe5 Qxe5 12. Qxb7 Qd4+ 13. Kh1 Qd7 14.
Qf3 e6 15. Na3 Qd5 16. b3 1/2-1/2

[Event "2FoglarVeterans_GM_A"]
[Site "?"]
[Date "2006.??.??"]
[Round "?"]
[White "Helbich, Jan (SVK)"]
[Black "Ward, Richard (ENG)"]
[Result "1/2-1/2"]
[WhiteElo "2452"]
[BlackElo "2415"]
[PlyCount "53"]
[EventDate "2006.??.??"]
[EventType "corr"]

1. e4 e5 2. Nf3 Nc6 3. Bb5 a6 4. Ba4 Nf6 5. O-O Be7 6. Re1 b5 7. Bb3 d6 8. c3
O-O 9. h3 Re8 10. d4 Bb7 11. Nbd2 Bf8 12. d5 Nb8 13. Nf1 Nbd7 14. N3h2 Nc5 15.
Bc2 c6 16. b4 Ncd7 17. dxc6 Bxc6 18. Bg5 h6 19. Bxf6 Nxf6 20. Ng4 Nxg4 21. Qxg4
Bd7 22. Qf3 Rc8 23. Bb3 Be6 24. Bxe6 fxe6 25. a4 Qd7 26. axb5 axb5 27. Qd3
1/2-1/2

[Event "2FoglarVeterans_GM_A"]
[Site "?"]
[Date "2006.??.??"]
[Round "?"]
[White "Ward, Richard (ENG)"]
[Black "Brousek, Jiri"]
[Result "1/2-1/2"]
[WhiteElo "2415"]
[BlackElo "2353"]
[PlyCount "85"]
[EventDate "2006.??.??"]
[EventType "corr"]

1. e4 e6 2. d4 d5 3. Nc3 Nf6 4. e5 Nfd7 5. f4 c5 6. Nf3 Nc6 7. Be3 cxd4 8. Nxd4
Bc5 9. Qd2 O-O 10. O-O-O Rb8 11. Qf2 a6 12. Kb1 Bxd4 13. Bxd4 Nxd4 14. Qxd4 b5
15. Bd3 Qc7 16. Qf2 b4 17. Ne2 a5 18. Qh4 g6 19. Nd4 a4 20. Rhe1 Nc5 21. Re3
Nxd3 22. Rdxd3 Rb7 23. Rf3 Ra7 24. g4 Ba6 25. Rd1 Qe7 26. Qxe7 Rxe7 27. a3 Rb7
28. axb4 Rxb4 29. Ra3 Bc8 30. Rc3 Rb7 31. Ka2 Bd7 32. g5 Kg7 33. Ka3 Rfb8 34.
b3 axb3 35. cxb3 h6 36. h4 Rh8 37. Rdc1 hxg5 38. hxg5 Rh4 39. Rf3 Kf8 40. Kb2
Ke7 41. Rf2 Kd8 42. Rc5 Rh3 43. Rc3 1/2-1/2

[Event "2FoglarVeterans_GM_A"]
[Site "?"]
[Date "2006.??.??"]
[Round "?"]
[White "Schuster, Peter (GER)"]
[Black "Ward, Richard (ENG)"]
[Result "1/2-1/2"]
[WhiteElo "2454"]
[BlackElo "2415"]
[PlyCount "52"]
[EventDate "2006.??.??"]
[EventType "corr"]

1. Nf3 d5 2. g3 Bg4 3. Bg2 Nd7 4. c4 e6 5. d3 Ngf6 6. O-O c6 7. cxd5 exd5 8. h3
Bh5 9. Nc3 Bc5 10. d4 Bd6 11. Nh4 O-O 12. Qd3 Re8 13. Re1 Nf8 14. e4 Nxe4 15.
Nxe4 dxe4 16. Rxe4 Be7 17. Be3 Ne6 18. Qb3 Qb6 19. Re5 Be2 20. d5 Qxb3 21. axb3
Bf6 22. Rxe6 fxe6 23. dxc6 bxc6 24. Bxc6 a6 25. Bxa8 Rxa8 26. Re1 Bb5 1/2-1/2

[Event "2FoglarVeterans_GM_A"]
[Site "?"]
[Date "2006.??.??"]
[Round "?"]
[White "Bures, Jilji"]
[Black "Ward, Richard (ENG)"]
[Result "1-0"]
[WhiteElo "2439"]
[BlackElo "2415"]
[PlyCount "77"]
[EventDate "2006.??.??"]
[EventType "corr"]

1. e4 e5 2. Nf3 Nc6 3. Bb5 a6 4. Ba4 Nf6 5. O-O Be7 6. Re1 O-O 7. Bxc6 dxc6 8.
Nxe5 Re8 9. Nf3 c5 10. d3 b6 11. Nc3 Bb7 12. Bg5 h6 13. Bf4 b5 14. Nd2 Bc8 15.
Qf3 Be6 16. h3 Qd7 17. Ne2 Rad8 18. a4 b4 19. b3 Qc6 20. Rad1 Qb7 21. Nf1 c4
22. bxc4 Bd7 23. a5 Bc8 24. Ne3 c5 25. Nc1 Qc6 26. Nb3 Bf8 27. Nd5 Bd7 28. Be3
Nxd5 29. exd5 Qc8 30. Bf4 Rxe1+ 31. Rxe1 Bf5 32. Qg3 Rd7 33. h4 Bg6 34. d6 Rd8
35. Qe3 Bxd6 36. Bxd6 Rxd6 37. Qe8+ Qxe8 38. Rxe8+ Kh7 39. Nxc5 1-0

[Event "2FoglarVeterans_GM_A"]
[Site "?"]
[Date "2006.??.??"]
[Round "?"]
[White "Marusiak, Lech (POL)"]
[Black "Schakel, Corky (USA)"]
[Result "1/2-1/2"]
[WhiteElo "2460"]
[BlackElo "2392"]
[PlyCount "103"]
[EventDate "2006.??.??"]
[EventType "corr"]

1. d4 f5 2. c4 e6 3. g3 Nf6 4. Bg2 Be7 5. Nf3 O-O 6. O-O d5 7. Bg5 c6 8. Nbd2
Ne4 9. Bxe7 Qxe7 10. e3 Nd7 11. Rc1 a5 12. a3 b5 13. cxd5 cxd5 14. Rc7 Qd8 15.
Rc6 b4 16. axb4 axb4 17. Re1 Re8 18. Qb3 Bb7 19. Rc2 Qa5 20. Bf1 Ba6 21. Bxa6
Rxa6 22. Rec1 Ra7 23. Ne1 Nb6 24. Nd3 Nxd2 25. Rxd2 Nc4 26. Rdc2 Rb8 27. Nc5
Qb6 28. Qd3 Re8 29. Qe2 Raa8 30. b3 Nd6 31. Nd7 Qb5 32. Qxb5 Nxb5 33. Ne5 Nc3
34. Nd3 Ra3 35. Nxb4 Rxb3 36. Nc6 Ne4 37. Ra1 Rc3 38. Rxc3 Nxc3 39. f3 Kf7 40.
Ne5+ Kf6 41. h4 Re7 42. Ra8 Rc7 43. Rb8 Nd1 44. Rb3 Ke7 45. Kf1 Rc3 46. Rb7+
Kf8 47. Rb8+ Ke7 48. Ke2 Nxe3 49. Rg8 Nc4 50. Rxg7+ Kf8 51. Rxh7 Rc2+ 52. Ke1
1/2-1/2

[Event "2FoglarVeterans_GM_A"]
[Site "?"]
[Date "2006.??.??"]
[Round "?"]
[White "Sykora, Josef"]
[Black "Ward, Richard (ENG)"]
[Result "1-0"]
[WhiteElo "2414"]
[BlackElo "2415"]
[PlyCount "35"]
[EventDate "2006.??.??"]
[EventType "corr"]

1. e4 e5 2. Nf3 Nc6 3. Bb5 Nf6 4. O-O Nxe4 5. d4 Nd6 6. Bxc6 dxc6 7. dxe5 Nf5
8. Qxd8+ Kxd8 9. Nc3 h6 10. h3 Ne7 11. Be3 Bd7 12. Rad1 Kc8 13. Rd2 b6 14. Rfd1
Be6 15. Nd4 Nd5 16. Nxc6 Nxc3 17. bxc3 Bd6 18. exd6 1-0

[Event "2FoglarVeterans_GM_A"]
[Site "?"]
[Date "2006.??.??"]
[Round "?"]
[White "Sage, Francois (FRA)"]
[Black "Schuster, Peter (GER)"]
[Result "1/2-1/2"]
[WhiteElo "2454"]
[BlackElo "2454"]
[PlyCount "43"]
[EventDate "2006.??.??"]
[EventType "corr"]

1. d4 Nf6 2. c4 e6 3. Nc3 Bb4 4. e3 O-O 5. Bd3 d5 6. Nf3 c5 7. O-O Nc6 8. a3
Bxc3 9. bxc3 Qc7 10. cxd5 exd5 11. a4 c4 12. Bc2 Re8 13. Ba3 Ne4 14. Bxe4 Rxe4
15. Nd2 Re8 16. Qc2 Ne7 17. Bxe7 Rxe7 18. Rfb1 Bd7 19. Qd1 Rd8 20. Qf3 Bc6 21.
a5 Re6 22. Nf1 1/2-1/2

[Event "2FoglarVeterans_GM_A"]
[Site "?"]
[Date "2006.??.??"]
[Round "?"]
[White "Sage, Francois (FRA)"]
[Black "Ward, Richard (ENG)"]
[Result "1/2-1/2"]
[WhiteElo "2454"]
[BlackElo "2415"]
[PlyCount "62"]
[EventDate "2006.??.??"]
[EventType "corr"]

1. d4 Nf6 2. c4 e6 3. Nc3 Bb4 4. e3 O-O 5. Bd3 d5 6. Nf3 c5 7. O-O dxc4 8. Bxc4
Nbd7 9. Qe2 b6 10. d5 Bxc3 11. dxe6 Ne5 12. exf7+ Kh8 13. bxc3 Bg4 14. e4 Qe7
15. Re1 b5 16. Bxb5 Nh5 17. Bg5 Qe6 18. Qe3 Bxf3 19. gxf3 Qxf7 20. Be2 h6 21.
f4 Nxf4 22. Bxf4 Qxf4 23. Rf1 Rab8 24. Rad1 g5 25. Rd5 Rb2 26. Rxc5 Rxe2 27.
Qxf4 Rxf4 28. Rxe5 Rxa2 29. h3 a5 30. f3 Kg7 31. Rf2 Ra3 1/2-1/2

[Event "2FoglarVeterans_GM_A"]
[Site "?"]
[Date "2006.??.??"]
[Round "?"]
[White "Ward, Richard (ENG)"]
[Black "Bauer, Manfred (GER)"]
[Result "0-1"]
[WhiteElo "2415"]
[BlackElo "2451"]
[PlyCount "104"]
[EventDate "2006.??.??"]
[EventType "corr"]

1. e4 c5 2. Nf3 d6 3. d4 cxd4 4. Nxd4 Nf6 5. Nc3 g6 6. Be3 Bg7 7. f3 O-O 8. Qd2
Nc6 9. Bc4 Bd7 10. O-O-O Rb8 11. Bb3 Na5 12. Bh6 Bxh6 13. Qxh6 b5 14. h4 e5 15.
Nde2 b4 16. Nd5 Nxb3+ 17. axb3 Nxd5 18. Rxd5 Rb6 19. h5 g5 20. Ng3 f6 21. Rhd1
Bc8 22. Kb1 Be6 23. Nf5 Bxf5 24. exf5 Rc6 25. g3 Qb6 26. R5d2 Qc5 27. f4 exf4
28. gxf4 Qxf5 29. fxg5 Qxg5 30. Qxg5+ fxg5 31. Rd5 Rc5 32. Rxd6 g4 33. Rg1 Rg5
34. Rd3 Rf4 35. h6 Kf7 36. Rd7+ Kg6 37. Rxa7 Kxh6 38. Rh1+ Kg6 39. Ra6+ Rf6 40.
Rxf6+ Kxf6 41. Rxh7 g3 42. Rh1 g2 43. Rg1 Ke5 44. c3 Ke4 45. cxb4 Ke3 46. Kc2
Kf2 47. Rd1 Rg8 48. b5 Rc8+ 49. Kb1 g1=Q 50. Rxg1 Kxg1 51. Ka2 Kf2 52. Ka3 Ke3
0-1

[Event "2FoglarVeterans_GM_A"]
[Site "?"]
[Date "2006.??.??"]
[Round "?"]
[White "Marusiak, Lech (POL)"]
[Black "Ciesielski, Stefan (POL)"]
[Result "1/2-1/2"]
[WhiteElo "2460"]
[BlackElo "2571"]
[PlyCount "55"]
[EventDate "2006.??.??"]
[EventType "corr"]

1. d4 Nf6 2. c4 g6 3. Nc3 d5 4. cxd5 Nxd5 5. e4 Nxc3 6. bxc3 Bg7 7. Nf3 c5 8.
Rb1 O-O 9. Be2 cxd4 10. cxd4 Qa5+ 11. Qd2 Qxd2+ 12. Bxd2 b6 13. O-O Bb7 14. d5
Rc8 15. Rfc1 Nd7 16. Be3 Nf6 17. Nd2 e6 18. dxe6 Nxe4 19. Bf3 f5 20. Nxe4 fxe4
21. Bd1 Bd5 22. Bb3 Bxb3 23. axb3 Kf8 24. Rxc8+ Rxc8 25. Rd1 Re8 26. Rd7 Re7
27. Rd8+ Re8 28. Rd7 1/2-1/2

[Event "2FoglarVeterans_GM_A"]
[Site "?"]
[Date "2006.??.??"]
[Round "?"]
[White "Marusiak, Lech (POL)"]
[Black "Bauer, Manfred (GER)"]
[Result "1/2-1/2"]
[WhiteElo "2460"]
[BlackElo "2451"]
[PlyCount "75"]
[EventDate "2006.??.??"]
[EventType "corr"]

1. d4 Nf6 2. c4 g6 3. Nc3 d5 4. cxd5 Nxd5 5. e4 Nxc3 6. bxc3 Bg7 7. Nf3 c5 8.
Rb1 O-O 9. Be2 Nc6 10. d5 Ne5 11. Nxe5 Bxe5 12. Qd2 e6 13. f4 Bc7 14. O-O exd5
15. exd5 Ba5 16. Ba3 b6 17. d6 Bf5 18. Rbd1 Qd7 19. Bf3 Rad8 20. Rfe1 Rfe8 21.
Rxe8+ Rxe8 22. g3 Qa4 23. Bb2 Bd7 24. f5 Bxf5 25. d7 Rd8 26. Qe3 Qb5 27. a4
Qxb2 28. Qe8+ Rxe8 29. dxe8=Q+ Kg7 30. Qe5+ Kh6 31. g4 Bxg4 32. Bxg4 Bxc3 33.
Qe2 Bd4+ 34. Kg2 Qb3 35. Qe8 Kg7 36. Rf1 a6 37. Bd1 Qd5+ 38. Bf3 1/2-1/2

[Event "2FoglarVeterans_GM_A"]
[Site "?"]
[Date "2006.??.??"]
[Round "?"]
[White "Schakel, Corky (USA)"]
[Black "Schuster, Peter (GER)"]
[Result "1/2-1/2"]
[WhiteElo "2392"]
[BlackElo "2454"]
[PlyCount "81"]
[EventDate "2006.??.??"]
[EventType "corr"]

1. e4 e5 2. Nf3 Nc6 3. c3 d5 4. Qa4 Bd7 5. exd5 Nd4 6. Qd1 Nxf3+ 7. Qxf3 Nf6 8.
Bc4 e4 9. Qe2 Bd6 10. d4 O-O 11. Bg5 h6 12. Bh4 Bf4 13. O-O g5 14. Bg3 Bg4 15.
Qc2 Qd7 16. a4 Kg7 17. Na3 a6 18. a5 Rab8 19. Ba2 Bf5 20. Qb3 Bg6 21. c4 c6 22.
dxc6 bxc6 23. Qc3 e3 24. Bxf4 gxf4 25. d5 e2 26. Rfe1 Rfe8 27. dxc6 Qxc6 28. c5
f3 29. Nc4 Qxc5 30. Qxf3 Qd5 31. Qc3 Qd3 32. f4 Qd8 33. Ne5 Rc8 34. Qb4 Rb8 35.
Qc4 Rxb2 36. Nxg6 fxg6 37. Qf7+ Kh8 38. Qxg6 Qd4+ 39. Kh1 Rb7 40. g3 Rg7 41.
Qc2 1/2-1/2

[Event "2FoglarVeterans_GM_A"]
[Site "?"]
[Date "2006.??.??"]
[Round "?"]
[White "Bauer, Manfred (GER)"]
[Black "Schuster, Peter (GER)"]
[Result "1/2-1/2"]
[WhiteElo "2451"]
[BlackElo "2454"]
[PlyCount "45"]
[EventDate "2006.??.??"]
[EventType "corr"]

1. e4 e5 2. Nf3 Nc6 3. Nc3 Nf6 4. Bb5 a6 5. Bxc6 dxc6 6. Nxe5 Nxe4 7. Nxe4 Qd4
8. O-O Qxe5 9. d4 Qf5 10. Ng3 Qd5 11. Bf4 Bd6 12. Nh5 Rg8 13. Rc1 Bxf4 14. Nxf4
Qd6 15. Re1+ Kf8 16. Qf3 g5 17. Nd3 Kg7 18. Qh5 h6 19. c3 Bf5 20. Ne5 Rgf8 21.
Qf3 Be6 22. Qh5 Bf5 23. Qf3 1/2-1/2

[Event "2FoglarVeterans_GM_A"]
[Site "?"]
[Date "2006.??.??"]
[Round "?"]
[White "Brousek, Jiri"]
[Black "Bauer, Manfred (GER)"]
[Result "1/2-1/2"]
[WhiteElo "2353"]
[BlackElo "2451"]
[PlyCount "55"]
[EventDate "2006.??.??"]
[EventType "corr"]

1. d4 Nf6 2. Nf3 e6 3. e3 b6 4. Bd3 Bb7 5. O-O c5 6. c4 Be7 7. Nc3 cxd4 8. exd4
d5 9. cxd5 Nxd5 10. Nxd5 Bxd5 11. Ne5 O-O 12. Qc2 f5 13. Bf4 Bf6 14. Rfd1 Bxe5
15. dxe5 Nc6 16. Qd2 Qe8 17. f3 Ne7 18. Bg3 Rc8 19. b3 Ng6 20. f4 Qe7 21. Rac1
Rxc1 22. Qxc1 Qb7 23. Bf1 Rc8 24. Qd2 Ne7 25. Bh4 Ng6 26. Be1 Ne7 27. Bh4 Ng6
28. Be1 1/2-1/2

[Event "2FoglarVeterans_GM_A"]
[Site "?"]
[Date "2006.??.??"]
[Round "?"]
[White "Schakel, Corky (USA)"]
[Black "Sykora, Josef"]
[Result "1/2-1/2"]
[WhiteElo "2392"]
[BlackElo "2414"]
[PlyCount "64"]
[EventDate "2006.??.??"]
[EventType "corr"]

1. e4 c6 2. d4 d5 3. e5 Bf5 4. Nf3 e6 5. Be2 c5 6. Be3 cxd4 7. Nxd4 Ne7 8. Bg5
Qa5+ 9. Nc3 Bg6 10. Nb3 Qb6 11. Nb5 Nec6 12. c3 a6 13. Nd6+ Bxd6 14. exd6 Ne5
15. Qd4 Nbd7 16. Qxb6 Nxb6 17. Nc5 Nbd7 18. Nxb7 Rb8 19. Bxa6 Bd3 20. Bxd3
Nxd3+ 21. Ke2 Rxb7 22. Kxd3 Rxb2 23. Be3 Ne5+ 24. Kd4 Nc6+ 25. Kc5 Kd7 26. Rhb1
Rhb8 27. Rxb2 Rxb2 28. c4 Rc2 29. Rc1 Rxc1 30. Bxc1 Ne5 31. a4 Nxc4 32. Bf4 f6
1/2-1/2

[Event "2FoglarVeterans_GM_A"]
[Site "?"]
[Date "2006.??.??"]
[Round "?"]
[White "Bures, Jilji"]
[Black "Brousek, Jiri"]
[Result "1/2-1/2"]
[WhiteElo "2439"]
[BlackElo "2353"]
[PlyCount "56"]
[EventDate "2006.??.??"]
[EventType "corr"]

1. e4 e6 2. d4 d5 3. Nc3 Nf6 4. Bg5 dxe4 5. Nxe4 Be7 6. Bxf6 gxf6 7. Nf3 Rg8 8.
Qd3 f5 9. Nc3 Nd7 10. O-O-O c6 11. g3 Nf6 12. Ne5 Bd7 13. h3 Qa5 14. Qe3 h5 15.
Kb1 Rg7 16. g4 fxg4 17. hxg4 Nxg4 18. Nxg4 Rxg4 19. Be2 Rh4 20. Rxh4 Bxh4 21.
Rh1 Bg5 22. f4 Bf6 23. Bxh5 Ke7 24. Bf3 Rh8 25. Rxh8 Bxh8 26. Ne4 b6 27. c3 Qf5
28. Kc1 Qh3 1/2-1/2

[Event "2FoglarVeterans_GM_A"]
[Site "?"]
[Date "2006.??.??"]
[Round "?"]
[White "Ciesielski, Stefan (POL)"]
[Black "Bauer, Manfred (GER)"]
[Result "0-1"]
[WhiteElo "2571"]
[BlackElo "2451"]
[PlyCount "42"]
[EventDate "2006.??.??"]
[EventType "corr"]

1. c4 Nf6 2. d4 g6 3. Nc3 d5 4. cxd5 Nxd5 5. e4 Nxc3 6. bxc3 Bg7 7. Nf3 c5 8.
Bb5+ Nc6 9. O-O cxd4 10. cxd4 O-O 11. Bxc6 bxc6 12. Ba3 Bg4 13. Bc5 Re8 14. e5
a5 15. Re1 Qd5 16. Qe2 Rab8 17. h3 Bf5 18. Nh2 Be6 19. a4 Bh6 20. Ra2 Qxa2 21.
Qxa2 Bxa2 0-1

[Event "2FoglarVeterans_GM_A"]
[Site "?"]
[Date "2006.??.??"]
[Round "?"]
[White "Bauer, Manfred (GER)"]
[Black "Morais, Gustavo (POR)"]
[Result "1-0"]
[WhiteElo "2451"]
[BlackElo "2365"]
[PlyCount "20"]
[EventDate "2006.??.??"]
[EventType "corr"]

1. e4 c5 2. Nf3 d6 3. d4 cxd4 4. Nxd4 Nf6 5. Nc3 a6 6. Bg5 e6 7. f4 Qb6 8. a3
Nbd7 9. Bh4 Be7 10. Bf2 Qc7 1-0

[Event "2FoglarVeterans_GM_A"]
[Site "?"]
[Date "2006.??.??"]
[Round "?"]
[White "Ward, Richard (ENG)"]
[Black "Marusiak, Lech (POL)"]
[Result "1-0"]
[WhiteElo "2415"]
[BlackElo "2460"]
[PlyCount "75"]
[EventDate "2006.??.??"]
[EventType "corr"]

1. e4 c6 2. d4 d5 3. e5 Bf5 4. Nf3 e6 5. Be2 Nd7 6. O-O Ne7 7. Nh4 Bg6 8. Nd2
Nf5 9. Nxg6 hxg6 10. Nf3 Be7 11. g3 Qc7 12. c3 O-O-O 13. Re1 c5 14. a4 Qa5 15.
Bd2 Qc7 16. a5 Qc6 17. Qb1 a6 18. b4 c4 19. h4 g5 20. Bxg5 f6 21. Bf4 Rdg8 22.
h5 g5 23. hxg6 Nf8 24. exf6 Bxf6 25. Ne5 Bxe5 26. b5 axb5 27. Bxe5 Rh6 28. Bg4
Nxg6 29. Bxf5 exf5 30. Qxf5+ Qd7 31. Qxd7+ Kxd7 32. Rab1 Kc6 33. Rb2 Nxe5 34.
dxe5 Rgh8 35. Reb1 Rh1+ 36. Kg2 Rxb1 37. Rxb1 Kc5 38. f4 1-0

[Event "2FoglarVeterans_GM_A"]
[Site "?"]
[Date "2006.??.??"]
[Round "?"]
[White "Ciesielski, Stefan (POL)"]
[Black "Brousek, Jiri"]
[Result "1/2-1/2"]
[WhiteElo "2571"]
[BlackElo "2439"]
[PlyCount "55"]
[EventDate "2006.??.??"]
[EventType "corr"]

1. c4 e6 2. d4 f5 3. g3 Nf6 4. Bg2 c6 5. Nf3 d5 6. O-O Bd6 7. b3 Qe7 8. a4 Ne4
9. Ba3 Bxa3 10. Nxa3 Nd7 11. a5 O-O 12. Qc2 f4 13. Nb1 fxg3 14. hxg3 e5 15.
cxd5 cxd5 16. dxe5 Nxe5 17. Nc3 Nxf3+ 18. Bxf3 Qc7 19. Rfc1 Nxg3 20. Qd3 Nf5
21. Nxd5 Qd6 22. Bg2 Nh4 23. Bh1 Rf5 24. Qg3 Qd8 25. Rc5 Kh8 26. f4 Ng6 27.
Rac1 Be6 28. Nc7 1/2-1/2

[Event "2FoglarVeterans_GM_A"]
[Site "?"]
[Date "2006.??.??"]
[Round "?"]
[White "Ward, Richard (ENG)"]
[Black "Ciesielski, Stefan (POL)"]
[Result "0-1"]
[WhiteElo "2415"]
[BlackElo "2571"]
[PlyCount "82"]
[EventDate "2006.??.??"]
[EventType "corr"]

1. e4 d6 2. d4 Nf6 3. Nc3 g6 4. Be3 Bg7 5. Qd2 Ng4 6. Bg5 h6 7. Bh4 c6 8. h3
Nf6 9. f4 O-O 10. Bd3 Na6 11. Nf3 c5 12. Bf2 cxd4 13. Bxd4 Nc5 14. O-O b6 15.
Rad1 Bb7 16. f5 Nxd3 17. cxd3 Kh7 18. g4 gxf5 19. g5 Nh5 20. Bxg7 Kxg7 21.
gxh6+ Kh8 22. Kh2 e5 23. exf5 Bxf3 24. Rxf3 Rg8 25. Nd5 Nf6 26. Ne3 Qf8 27. d4
Kh7 28. dxe5 dxe5 29. Nc4 e4 30. Rc3 Qc5 31. Nd6 Qe5+ 32. Kh1 Rad8 33. Rc7 Rdf8
34. Qc3 Qf4 35. Nxf7 e3 36. Ng5+ Kxh6 37. Re7 Rxg5 38. Qxe3 Qxe3 39. Rxe3 Rxf5
40. Re7 Rf2 41. Rxa7 Re8 0-1

[Event "2FoglarVeterans_GM_A"]
[Site "?"]
[Date "2006.??.??"]
[Round "?"]
[White "Ciesielski, Stefan (POL)"]
[Black "Schakel, Corky (USA)"]
[Result "1/2-1/2"]
[WhiteElo "2571"]
[BlackElo "2392"]
[PlyCount "81"]
[EventDate "2006.??.??"]
[EventType "corr"]

1. c4 f5 2. d4 e6 3. g3 Nf6 4. Bg2 Be7 5. Nf3 O-O 6. O-O d5 7. b3 c6 8. Nc3 b6
9. Bf4 Bb7 10. Qc2 Nh5 11. Bd2 Qe8 12. a4 a5 13. cxd5 exd5 14. Na2 Nf6 15. b4
Ne4 16. bxa5 Nxd2 17. Qxd2 Rxa5 18. Rfb1 Bd8 19. Nc1 Nd7 20. Nb3 Ra8 21. a5 Ba6
22. axb6 Bxb6 23. e3 g6 24. Qb4 Qe6 25. Ne5 Bb5 26. Nxd7 Qxd7 27. Nc5 Qf7 28.
Bf1 Bxf1 29. Rxf1 Bxc5 30. Qxc5 Qe6 31. h4 Kg7 32. Qb6 Qd7 33. Rfc1 Rfb8 34.
Qc5 Rxa1 35. Rxa1 Kh6 36. Kh2 Rb2 37. Ra7 Qe8 38. Re7 Qa8 39. Re5 Rxf2+ 40. Kh3
Qc8 41. Qe7 1/2-1/2

[Event "2FoglarVeterans_GM_A"]
[Site "?"]
[Date "2006.??.??"]
[Round "?"]
[White "Bauer, Manfred (GER)"]
[Black "Schakel, Corky (USA)"]
[Result "1-0"]
[WhiteElo "2451"]
[BlackElo "2392"]
[PlyCount "83"]
[EventDate "2006.??.??"]
[EventType "corr"]

1. e4 e6 2. d3 d5 3. Nd2 Nf6 4. Ngf3 b6 5. c3 c5 6. Be2 Be7 7. O-O O-O 8. Re1
Nc6 9. e5 Nd7 10. d4 a5 11. Bd3 Ba6 12. Bb1 cxd4 13. cxd4 Qc7 14. Qc2 g6 15.
Nf1 Rac8 16. Qd1 f6 17. exf6 Bb4 18. Bd2 Rxf6 19. Bxb4 Nxb4 20. Ne3 Qf4 21. h3
h5 22. h4 Rcf8 23. a4 Nb8 24. Ra3 N8c6 25. Rc3 Bc8 26. Nf1 Kg7 27. N1h2 Bd7 28.
g3 Qb8 29. Ne5 Nxe5 30. Rxe5 Nc6 31. Rg5 Qd6 32. Nf3 Ne7 33. Ne5 Be8 34. f3 Rh8
35. b3 Rh7 36. Qc1 Kg8 37. g4 hxg4 38. Rxg4 Qb4 39. Bd3 Rh8 40. Rc7 Rh5 41. Rb7
Qd6 42. Bb5 1-0

[Event "2FoglarVeterans_GM_A"]
[Site "?"]
[Date "2006.??.??"]
[Round "?"]
[White "Schuster, Peter (GER)"]
[Black "Brousek, Jiri"]
[Result "1-0"]
[WhiteElo "2454"]
[BlackElo "2353"]
[PlyCount "73"]
[EventDate "2006.??.??"]
[EventType "corr"]

1. Nf3 e6 2. c4 f5 3. g3 Nf6 4. Bg2 Be7 5. O-O O-O 6. d4 d6 7. Nc3 Ne4 8. Qc2
Nxc3 9. Qxc3 Nd7 10. Qc2 Nf6 11. d5 e5 12. Ng5 Qe8 13. Ne6 Bxe6 14. dxe6 e4 15.
f3 Qg6 16. Bd2 Rae8 17. Qb3 b6 18. Rac1 a6 19. Rcd1 Kh8 20. Qa4 Bd8 21. fxe4
fxe4 22. Rf4 Rxe6 23. Rdf1 a5 24. Bc3 Qh5 25. Bxe4 Qxe2 26. R1f2 Qe3 27. Bf5
Ree8 28. Kg2 Ng8 29. h4 Qe7 30. Qd7 Nf6 31. Qc6 Ng8 32. Bc2 Nh6 33. R4f3 Rxf3
34. Qxf3 Qe6 35. Qd3 Qg8 36. Rf4 c6 37. Ba4 1-0

[Event "2FoglarVeterans_GM_A"]
[Site "?"]
[Date "2006.??.??"]
[Round "?"]
[White "Bauer, Manfred (GER)"]
[Black "Sykora, Josef"]
[Result "1/2-1/2"]
[WhiteElo "2451"]
[BlackElo "2414"]
[PlyCount "45"]
[EventDate "2006.??.??"]
[EventType "corr"]

1. e4 c6 2. d4 d5 3. Nd2 dxe4 4. Nxe4 Nd7 5. Ng5 Ngf6 6. Bd3 e6 7. N1f3 Bd6 8.
Qe2 h6 9. Ne4 Nxe4 10. Qxe4 Qc7 11. Qg4 Kf8 12. Bd2 b6 13. O-O-O Bb7 14. Rhe1
Rd8 15. Kb1 Nf6 16. Qh4 c5 17. dxc5 bxc5 18. Bc3 Bxf3 19. Bxf6 gxf6 20. gxf3
Be7 21. Qg3 Qxg3 22. fxg3 f5 23. Bb5 1/2-1/2

[Event "2FoglarVeterans_GM_A"]
[Site "?"]
[Date "2006.??.??"]
[Round "?"]
[White "Brousek, Jiri"]
[Black "Sykora, Josef"]
[Result "1/2-1/2"]
[WhiteElo "2353"]
[BlackElo "2414"]
[PlyCount "53"]
[EventDate "2006.??.??"]
[EventType "corr"]

1. d4 d5 2. Nf3 c6 3. e3 Nf6 4. Bd3 Bg4 5. O-O Nbd7 6. h3 Bh5 7. Nbd2 e6 8. b3
Be7 9. c4 Bg6 10. Qc2 Qc7 11. Bb2 Bxd3 12. Qxd3 O-O 13. e4 dxe4 14. Nxe4 Nxe4
15. Qxe4 a5 16. Rab1 Rfe8 17. Rfe1 a4 18. d5 exd5 19. cxd5 axb3 20. axb3 Nc5
21. Qf5 cxd5 22. Rbd1 Qc6 23. Qxd5 Bf8 24. Rxe8 Rxe8 25. Qxc6 bxc6 26. Nd4 Rd8
27. Rb1 1/2-1/2

[Event "2FoglarVeterans_GM_A"]
[Site "?"]
[Date "2006.??.??"]
[Round "?"]
[White "Sykora, Josef"]
[Black "Sage, Francois (FRA)"]
[Result "1/2-1/2"]
[WhiteElo "2414"]
[BlackElo "2454"]
[PlyCount "47"]
[EventDate "2006.??.??"]
[EventType "corr"]

1. e4 e5 2. Nf3 Nf6 3. Nxe5 d6 4. Nf3 Nxe4 5. d4 d5 6. Bd3 Bd6 7. O-O O-O 8. c4
c6 9. Qc2 Na6 10. a3 Bg4 11. Ne5 Bxe5 12. dxe5 Nac5 13. f3 Nxd3 14. Qxd3 Nc5
15. Qd4 Nb3 16. Qxg4 Nxa1 17. Bh6 g6 18. Nc3 Qb6+ 19. Kh1 Qxb2 20. Qf4 f5 21.
Na4 Qe2 22. Rxa1 Rfe8 23. cxd5 cxd5 24. Nc3 1/2-1/2